[Event "Nordic-ch VISA"]
[Site "Reykjavik"]
[Date "1997.10.21"]
[Round "12"]
[White "Hillarp Persson, Tiger"]
[Black "Thorhallsson, Throstur"]
[Result "0-1"]
[WhiteElo "2445"]
[BlackElo "2510"]
[Annotator "Lutz,C"]
[PlyCount "71"]
[EventDate "1997.10.08"]
[EventType "tourn"]
[EventRounds "13"]
[EventCountry "ISL"]
[EventCategory "10"]
[SourceTitle "CBM 062"]
[Source "ChessBase"]
[SourceDate "1998.01.31"]
[SourceVersion "1"]
[SourceVersionDate "1998.01.31"]
[SourceQuality "1"]

1. d4 d5 2. c4 c6 3. Nf3 Nf6 4. Nc3 e6 5. Bg5 h6 6. Bxf6 Qxf6 7. Qb3 a5 8. c5
$6 {Dieser Zug ist strategisch zweifelhaft. Schwarz kann problemlos ...e5
durchsetzen.} (8. g3) (8. e4) 8... Nd7 9. e3 (9. Na4 g5 (9... g6 $5) 10. h3 Qd8
11. e3 Bg7 12. Bd3 Rb8 13. Rd1 $13 {Sitnik,I-Basagic,V/Ljubljana op 1992/TD
92\04/0-1 (47)}) (9. e4 e5) 9... e5 10. Be2 Be7 11. O-O O-O 12. Rac1 Bd8 13.
Qa4 e4 14. Nd2 Bc7 15. b4 b5 16. Qb3 axb4 17. Nxd5 $5 {Ansonsten hat Weiß kein
Spiel.} cxd5 18. Qxd5 Rb8 19. Qxe4 $13 Qd8 20. Bf3 Nf6 21. Qb1 Nd5 22. Rc2 Bb7
23. Qb3 Nc3 24. Bxb7 Bxh2+ 25. Kh1 Bc7 26. Nf3 Rxb7 27. a3 Qd5 28. Qxd5 Nxd5
29. axb4 Nxb4 30. Rb2 Nd5 31. e4 Nc3 32. Re1 Re8 33. d5 Rxe4 34. Rxe4 Nxe4 35.
Nd4 Nxc5 36. Re2 0-1

[Event "EU-chT (Men) 15th"]
[Site "Gothenburg"]
[Date "2005.08.04"]
[Round "6.1"]
[White "Nyback, Tomi"]
[Black "Godena, Michele"]
[Result "1-0"]
[WhiteElo "2571"]
[BlackElo "2522"]
[Annotator "Lutz,C"]
[PlyCount "57"]
[EventDate "2005.07.30"]
[EventType "team-swiss"]
[EventRounds "9"]
[EventCountry "SWE"]
[SourceTitle "CBM 109"]
[Source "ChessBase"]
[SourceDate "2005.11.14"]
[SourceVersion "1"]
[SourceVersionDate "2005.11.14"]
[SourceQuality "1"]
[WhiteTeam "Finland"]
[BlackTeam "Italy"]
[WhiteTeamCountry "FIN"]
[BlackTeamCountry "ITA"]

1. d4 Nf6 2. c4 e6 3. Nf3 d5 4. Nc3 c6 5. Bg5 h6 6. Bh4 dxc4 7. e4 g5 8. Bg3 b5
9. Be2 Bb7 10. h4 g4 11. Ne5 Nbd7 {Just like 11...Rg8, this move intends to
return the Pg4 in order to speed up development and to obtain counter-play
down the g-file. There are however some little differences. Dieser Zug hat,
ähnlich wie 11...Rg8, die Idee, den Pg4 zurückzugeben, um schneller zur
Entwicklung zu kommen und auf der g-Linie Gegenspiel zu entfalten. Es ergeben
sich jedoch einige kleine Unterschiede.} 12. Nxd7 $5 (12. Nxg4 Rg8 {is the
other main possibility. ist die andere Hauptmöglichkeit} (12... Nxg4 13. Bxg4 {
results in the same position as in the game. ergibt die gleiche Stellung wie
in der Partie.})) (12. O-O Rg8 (12... Nxe5 $5 13. Bxe5 Rg8 {0-1 Ivanov,
S-Korobov,A/Chalkidiki 2002/CBM 92/[Lutz] (23)})) (12. Bxg4 Rg8 {1-0
Shchekachev,A-Shalimov,V/St Petersburg 1999/CBM 74/[Lutz] (33)}) 12... Nxd7 (
12... Qxd7 $5 {has been preferred by bthe expert on the Semi-Slav, Dreev.
wurde von Semi-Slawisch-Experte Dreev bevorzugt:} 13. Be5 Qe7 (13... Be7 14.
Bxg4 Rg8 15. Bf3 O-O-O 16. Qe2 Ba6 17. b3 b4 18. Nd1 Qb7 19. bxc4 Nd7 20. Bh2
Nb6 21. Nb2 Rxd4 $13 {1/2-1/2 Zhukova,N-Kosteniuk,A/Krasnoturinsk 2005/CBM 107
ext (60)}) (13... Bg7 14. Bxg4 Rd8 15. Bh3 O-O 16. Qe2 Qe7 17. O-O-O $5 $40 {
1-0 Pavlov,A-Shalimov,V/St Petersburg 2000/EXT 2001 (31)}) 14. O-O h5 15. Qc2
Bh6 16. b3 cxb3 17. axb3 O-O 18. Bxf6 Qxf6 19. e5 Qxh4 $36 {0-1 Grischuk,
A-Dreev,A/Mainz 2005/CBM 107 ext (42)}) 13. Bxg4 Qb6 (13... Bg7 14. O-O b4 15.
Na4 (15. Ne2 c5 16. d5 exd5 17. Qa4 h5 18. Bh3 d4 19. e5 Qc8 20. e6 fxe6 21.
Nf4 Qc6 22. Qc2 Rh6 23. Rae1 $40 {1-0 Smirnov,A-Yagupov,I/St Petersburg 2003/
EXT 2004 (71)}) 15... Qe7 16. Be2 Rd8 17. Bxc4 Ne5 18. Be2 Rxd4 19. Qc2 Nd7 20.
Rfd1 $36 {1-0 Bocharov,D-Novikov,M/Tomsk 2004/CBM 102 (31)}) (13... Rg8 14. O-O
(14. Bf3 Qb6 15. Qd2 Rd8 16. O-O-O b4 17. Na4 Qa5 18. d5 Nc5 19. Nxc5 Bxc5 20.
Kb1 cxd5 21. exd5 Bxd5 22. Bxd5 Rxd5 23. Qf4 b3 $13 {1-0 Krush,I-Stripunsky,A/
Montreal 2004/CBM 101 ext (62)}) 14... Nf6 (14... b4 15. Na4 Be7 16. Rc1 Ba6
17. Be2 Bxh4 18. Bxc4 Bxc4 19. Rxc4 Qg5 20. Qf3 Bxg3 21. fxg3 Rg7 22. Rxb4 $36
{1/2-1/2 Lesiege,A-Stripunsky,A/Montreal 2004/CBM 101 ext (55)}) (14... Qb6 15.
a4 (15. d5 $2 cxd5 16. exd5 Nf6 $19) 15... a5 16. d5 Nf6 17. dxc6 Bxc6 18. axb5
Rxg4 19. Be5 Bxe4 20. Nxe4 Rxe4 21. Bxf6 Rf4 22. Be5 Rf5 23. Qe2 Qxb5 24. f4 h5
$13 {0-1 Sarkar,J-Fridman,D/Philadelphia 2004/CBM 101 ext (48)}) 15. Be2 Qb6
16. a4 Bb4 (16... O-O-O 17. a5 Qxd4 18. Qxd4 Rxd4 19. a6 Ba8 20. Be5 Rd2 21.
Bf3 Rd3 22. Be2 Ng4 23. Bxd3 Nxe5 24. Be2 Kc7 $15 {0-1 Filippov,V-Dreev,A/Neum
2000/EXT 2001 (60)}) 17. Be5 Nd7 18. Bf4 Rd8 19. Be3 c5 $13 {0-1 Khalifman,
A-Acs,P/Hoogeveen 2002/CBM 92/[Lutz] (35)}) 14. O-O Bg7 $2 {Allows White to
open up the centre. Erlaubt Weiß die Öffnung des Zentrums.} (14... Rg8 {
seems better, in order to traspose to the above-mentioned game Sarkar,
J-Fridman,D and to exploit the position of the white bishops. erscheint besser,
um zur obigen Partie Sarkar,J-Fridman,D überzuleiten und die Stellung der
weißen Läufer auszunutzen.}) 15. d5 $1 cxd5 16. exd5 O-O (16... O-O-O $5 {
is comparatively better, but not really all that attractive. ist
vergleichsweise besser, aber auch nicht wirklich attraktiv.} 17. dxe6 fxe6 18.
Qd6 $5 $40 (18. Qe2 $5 $40)) 17. dxe6 Nf6 18. e7 $16 {This pawn is the final
nail in Black's coffin. Dieser Bauer ist der Sargnagel des Schwarzen.} Rfe8 19.
Re1 b4 20. Na4 Qb5 21. Bd6 Ne4 $6 {Tempting, but White has a strong reply up
his sleeve. Verlockend, aber Weiß hat eine starke Antwort parat.} (21... Bxg2
$5 22. Kxg2 Nxg4 23. Qxg4 Qd5+ 24. Kh3 Qxd6 25. Rg1 Qf6 26. Rae1 Rac8 27. Re3
$40) (21... Nxg4 22. Qxg4 h5 (22... Qxa4 23. Be5) 23. Qg3 Kh7 24. Nc5 $18) 22.
Rxe4 $1 Bxe4 23. Nc5 $18 {Supported by the position of his e-pawn, White now
moves over to the attack. Gestützt auf den e-Bauern kommt Weiß jetzt zum
Angriff.} Bc6 24. Bh5 {White attacks f7, and the black queen is a mere
spectator. Weiß greift f7 an und die schwarze Dame kann nur zuschauen.} Qb6 (
24... c3 25. Qb3) 25. Qg4 Bf3 (25... Bd5 26. Be5 f6 27. Nd7) 26. Bxf7+ Kh8 27.
Qf4 Bc6 28. Be5 Bb5 29. Ne6 1-0

[Event "Lost Boys 5th"]
[Site "Antwerp"]
[Date "1997.??.??"]
[Round "3"]
[White "Sokolov, Ivan"]
[Black "Novikov, Igor A"]
[Result "1-0"]
[WhiteElo "2635"]
[BlackElo "2590"]
[Annotator "Lutz,C"]
[PlyCount "67"]
[EventDate "1997.08.01"]
[EventType "tourn"]
[EventRounds "7"]
[EventCountry "BEL"]
[EventCategory "15"]
[SourceTitle "CBM 061"]
[Source "ChessBase"]
[SourceDate "1997.11.23"]
[SourceVersion "1"]
[SourceVersionDate "1997.11.23"]
[SourceQuality "1"]

1. d4 {Winants Epishin Novikov} d5 2. c4 e6 3. Nf3 Nf6 4. Nc3 c6 5. Bg5 h6 {
La variante de Moscou.} 6. Bh4 {Le coup habituel est ici 6.Bxf6. Mais le recul
du Fou propose un gambit intéressant.} dxc4 7. e4 g5 8. Bg3 b5 9. h4 $1 $146 {
Dieser Zug stellt eine interessante Neurung dar, um das Bauernopfer 6.Bh4 zu
beleben. Die wesentlichen Alternativen sind 9.Be2 und 9.Qc2. Une nouveauté au
lieu de 9.Bé2, 9.Qc2 ou 9.Né5.} (9. Be2) (9. Qc2) (9. Be5 $6 {Epishin} Nbd7 10.
Bxf6 Nxf6 11. Ne5 Bb7 12. Qf3 Bg7 13. Rd1 Qc7 14. Be2 Rd8 15. O-O a6 16. Qg3 c5
17. f4 cxd4 18. Nxf7 Kxf7 19. e5 dxc3 20. exf6 Rxd1 21. Bh5+ Kg8 22. Bxd1 Bxf6
23. bxc3 Rh7 24. Qh3 gxf4 25. Qxe6+ Qf7 26. Qd6 Rg7 27. g3 Be7 28. Qb8+ Qf8 29.
Qxf8+ Bxf8 30. Rxf4 Bc5+ 31. Kf1 Rf7 {0-1 Stankovic,D-Vucic,M/Bela Crkva op
1983/MCD-op}) (9. Ne5 $6 {Epishin} h5 (9... Bb7 10. Be2 Bg7 11. O-O Nbd7 12. f4
O-O 13. fxg5 hxg5 14. Nxd7 Nxd7 15. Bd6 Qb6 16. Kh1 Qxd4 17. Bxf8 Rxf8 18. Qe1
Nc5 19. Rd1 Qe5 20. Bh5 {1/2-1/2 Eberhardt,F-Pitschka,C/BL2-S 1988/BL2}) 10. f3
h4 11. Bf2 Bb7 12. Be3 Nfd7 13. Nxd7 Nxd7 14. Qd2 Be7 15. Be2 Rg8 16. g3 Qc7
17. Bf2 a6 18. Rg1 O-O-O 19. O-O-O c5 20. gxh4 cxd4 21. Bxd4 Nc5 22. Qc2 gxh4
23. e5 {0-1 Manninen,M-Hansen,L/Nordic zt 1992/CBM 31}) (9. a3 $6 {Epishin} Qa5
10. Nd2 Nbd7 (10... Bb7 11. Be2 c5 12. a4 cxd4 13. axb5 Qd8 14. Na4 Bb4 15. O-O
d3 16. Bf3 g4 17. Bxg4 Nxg4 18. Qxg4 Bxd2 19. Qg7 Rf8 20. Nc5 Bc8 21. Ra4 Bg5
22. Rxc4 Qf6 23. Qxf6 Bxf6 24. Nxd3 Nd7 25. Ra1 {Kahlert,T-Heller,M/RLNN 1988/
BIG 80/1/2-1/2 (69)}) 11. Be2 Bb7 12. O-O Qb6 13. b3 Qxd4 14. Qc2 cxb3 15. Nxb3
Qb6 16. a4 a6 17. Kh1 e5 18. Nd2 Bb4 19. Qb2 Qd4 20. Rfc1 Bxc3 21. Rxc3 b4 22.
Rc2 Qxb2 23. Rxb2 c5 {Zhang Zhong-Liang Jinrong/Beijing Tan Chin Cup 1996/CBM
55/[Lutz]/1/2-1/2 (76)}) 9... g4 (9... b4 $5 10. Na4 Nxe4 $13) 10. Ne5 {
La pointe: les Blancs gagnent du terrain en attaquant le Pg4.} h5 {[%csl Rg5,
Rh5][%cal Yf2f3] Nun ist der schwarze Königsflügel (speziell das Feld g5 und
der Ph5) dauerhaft schwach. Weiß kann bei kurzer schwarzer Rochade auch
eventuell f2-f3 versuchen.} ({Ou} 10... b4 {Winants} 11. Na4 Nxe4 12. Bxc4 Nxg3
13. fxg3 {et l'ouverture de la colonne -f- promet un assaut vigoureux.}) 11.
Be2 Bb7 (11... b4 {Epishin} 12. Na4 Nxe4 13. O-O Bg7 14. Bf4 Qxh4 15. Qc2 (15.
g3 Qd8 16. Qc2 Ng5 $17) 15... g3 16. fxg3 Nxg3 17. Bxg3 Qxg3 18. Rf3 (18. Qe4
f5 19. Qf4 h4 $15) 18... Qh4 19. Rd1 Bxe5 20. dxe5 Nd7 $17) 12. O-O Nbd7 (12...
Bg7 {Epishin} 13. f3 O-O 14. Kh2 $1 (14. fxg4 c5 $1 $13)) 13. Qc2 Bg7 14. Rad1
{Sokolov se contente pour l'instant de centraliser ses forces. Il faut dire
que les Noirs sont devant une tâche difficile. Leur position est resserée et
on ne voit guère de refuge convaincant pour abriter le Roi.} Qb6 $5 {[#] Ce
coup naturel prête le flanc а une astuce tactique. In Anbetracht des folgenden
Zuges vielleicht zweifelhaft.} (14... Qe7 $13 {erscheint normal.}) ({Toutefois
après} 14... O-O {Winants} 15. f3 {les Blancs auraient obtenu l'initiative.})
15. Na4 $1 {Une conception splendide!} Qa5 $2 {Gemäß Novikov in "SCHACH" 9/97
bereits der entscheidende Fehler.} (15... bxa4 16. Nxc4 Qb4 17. e5 (17. Nd6+ {
Epishin} Ke7 18. a3 Qb3 19. Qc1 $18) 17... Nd5 18. a3 Qb3 19. Qxb3 axb3 20.
Nd6+ Ke7 21. Nxb7 a5 $13 {[%csl Rg3][%cal Yg7h6,Yh6c1] ist gemäß Novikov
völlig unklar. Weiß fällt es nicht so leicht, sein Läuferpaar in Szene zu
setzen.}) 16. Nc5 {Empêche ...c5 et enferme le Bb7 pour de bon.} Nxc5 17. dxc5
Qb4 (17... Qxa2 18. Bxc4 bxc4 19. Nxc4 $40 {(Novikov) Es droht 20.Ra1 und 20.
Nd6+.}) 18. Rd6 Qxc5 19. Rfd1 {Voici enfin l'idée des Blancs: la domination de
la colonne ouverte débouchera bientôt sur l'occupation de la septième rangée.}
O-O (19... Qb6 $5 20. Nxf7 Kxf7 21. e5 Nd5 22. Rd7+ Ne7 (22... Kg8 23. Qg6 Rh7
24. Qf7+ Kh8 25. Rxb7 $18) 23. Rxe7+ Kxe7 24. Qg6 Rag8 25. Bf4 {"mit Angriff" 
(Novikov), z.B.} Bxe5 26. Bg5+ Kf8 27. Qxe6 Rxg5 28. hxg5) 20. Nd7 {Profitant
de l'occasion pour échanger un défenseur du roque.} Nxd7 21. Rxd7 Qb6 (21...
Bc8 {Winants} 22. Bd6 Qb6 23. Bxf8) 22. Qc1 $1 $18 {[%csl Rg8][%cal Yc1g5,
Yg5g8] Die Dame schwenkt zum Königsflügel. Derniers préparatifs avant
l'offensive. La Dame vise la case g5.} Bc8 {[#]} (22... f6 23. Be5 $1 {
(Novikov)} (23. Bc7 $1 {Novikov} Qa6 (23... Qc5 24. b4 $1 Qxb4 25. Bd6) 24. Be5
$1 Rf7 25. Rxf7 Kxf7 26. Rd7+ Kf8 (26... Kg8 27. Bxf6 Bxf6 28. Qh6) 27. Qf4) (
23. e5 {Winants} Rad8 24. exf6 Rxd7 25. Rxd7 Rxf6 (25... Bxf6 26. Qh6 Rf7 27.
Qg6+ Rg7 28. Rxg7+ Bxg7 29. Be5 $18) 26. Qg5 Rf7 27. Rd8+ Rf8 28. Rxf8+ Kxf8
29. Bd6+ Kf7 (29... Kg8 30. Be5) 30. Qxh5+ Kg8 31. Qe8+ Kh7 32. Bd1 $18) 23...
Rf7 (23... fxe5 24. Rxg7+ Kxg7 25. Rd7+ Rf7 26. Qg5+ Kf8 27. Qh6+ Kg8 28. Qg6+
Kh8 29. Qxh5+ Kg8 30. Qxf7+ Kh8 31. Qg7# {(Fritz)}) 24. Rxf7 Kxf7 25. Rd7+ Kg6
{Auf andere Königszüge folgt 26.Rxg7 (+) und 27.Qg5+.} 26. Qg5+ $1 fxg5 27.
Rxg7+ Kh6 28. hxg5#) 23. Qg5 {Es droht 24.Be5 Tout est là! Les Blancs menacent
24.Bé5} Bxd7 24. Rxd7 Kh7 (24... Kh8 {Winants} 25. Be5 Bxe5 (25... Rg8 26. Qh6#
) 26. Qxe5+ Kg8 27. Qg5+ Kh8 28. Qxh5+ Kg8 29. Qxg4+ Kh7 30. Qh5+ Kg7 31. Qg5+
{suivi de Bh5xf7 avec attaque de mat}) 25. Qxh5+ Kg8 26. Bc7 $1 {Drängt die
schwarze Dame weiter ins Abseits.} Qa6 (26... Qb7 {Winants} 27. Qxg4) 27. Qxg4
Kh7 28. Qh5+ Kg8 29. Qg5 Kh8 ({Encore une variante:} 29... Kh7 {Winants} 30.
Bh5 Qc8 31. Bxf7 Rxf7 (31... Qxd7 32. Qg6+ Kh8 33. Qh5+ Bh6 34. Qxh6#) 32. Qh5+
Bh6 33. Qxf7+ Bg7 34. Qxg7#) 30. Be5 Bxe5 31. Qxe5+ Kh7 32. Qh5+ Kg7 33. Qg5+
Kh7 (33... Kh8 {Winants} 34. Bh5) 34. Bh5 1-0

[Event "Olomouc After GP Mladi"]
[Site "Olomouc"]
[Date "1997.??.??"]
[Round "6"]
[White "Babula, Vlastimil"]
[Black "Votava, Jan"]
[Result "1/2-1/2"]
[WhiteElo "2545"]
[BlackElo "2515"]
[Annotator "Lutz,C"]
[PlyCount "34"]
[EventDate "1997.08.05"]
[EventType "tourn"]
[EventRounds "11"]
[EventCountry "CZE"]
[EventCategory "10"]
[SourceTitle "CBM 061"]
[Source "ChessBase"]
[SourceDate "1997.11.23"]
[SourceVersion "1"]
[SourceVersionDate "1997.11.23"]
[SourceQuality "1"]

1. d4 d5 2. c4 c6 3. Nf3 Nf6 4. Nc3 e6 5. Bg5 h6 6. Bxf6 Qxf6 7. Qc2 Nd7 8. e4
dxe4 9. Qxe4 g6 {In der 7.Qc2-Variante ist das Königsfianchetto erst kürzlich
populär geworden.} 10. Qe3 (10. h4 $5 $146 {Diese grobschlächtige Idee
verdient Beachtung. Weiß nutzt seinen Entwicklungsvorsprung, um den schwarzen
Königsflügels zu schwächen.} h5 (10... Bg7 11. h5 g5 12. Bd3 {Und wie
entwickelt Schwarz sich weiter ?}) 11. Bd3 Bh6 12. O-O O-O 13. Rad1 Rd8 14. c5
Qf4 15. Qe2 Bg7 16. Ne4 Nf6 17. Nd6 Ng4 18. g3 Qf6 19. Ng5 Nh6 20. Bc4 Qe7 21.
d5 cxd5 22. Bxd5 Qc7 23. Be4 Rf8 24. Rc1 $16 {1-0 Kruppa,Y-Mukhametov,E/
Berliner Sommer 1997 (39)}) (10. Bd3 {wurde häufiger probiert, ist aber
vielleicht zu brav.}) 10... Bg7 11. Ne4 Qe7 12. c5 O-O 13. Rd1 (13. Bc4 b6 (
13... e5 $5 14. Nd6 Qf6 15. dxe5 Nxe5 16. Nxe5 Qxe5 17. O-O b5 $5) 14. Rd1 Kh7
$2 15. h4 $1 Kh8 16. Nd6 a5 17. Ne5 Nxe5 18. dxe5 bxc5 19. h5 g5 20. O-O $16 {
1-0 Magerramov,E-Varga,Z/Andorra op 1991/EXT 91op (51)}) 13... e5 14. Nd6 Qf6
15. dxe5 Nxe5 16. Nxe5 Qxe5 17. Bc4 Qxe3+ (17... Qxe3+ 18. fxe3 Bxb2 (18... Be6
$5) 19. O-O (19. Nxf7 $2 Bc3+ 20. Ke2 Bg4+ 21. Kd3 Bxd1 $17) 19... Be6 20. Bxe6
fxe6 21. Nxb7 {Mir gefällt die weiße Stellung hier etwas besser, da der weiße
Turm auf die 7.Reihe gelangt, z.B.} Ba3 22. Rd7 Rxf1+ 23. Kxf1 Rf8+ 24. Ke2 Rf7
25. Rd8+ Rf8 (25... Kg7 26. Nd6 Rf8 27. Rd7+ Kg8 28. Ne4) 26. Rxf8+ Kxf8 27.
Nd8) 1/2-1/2

[Event "Poikovsky Karpov 06th"]
[Site "Poikovsky"]
[Date "2005.03.01"]
[Round "4"]
[White "Bacrot, Etienne"]
[Black "Dreev, Alexey"]
[Result "1/2-1/2"]
[WhiteElo "2715"]
[BlackElo "2704"]
[Annotator "Lutz,C"]
[PlyCount "72"]
[EventDate "2005.02.26"]
[EventType "tourn"]
[EventRounds "9"]
[EventCountry "RUS"]
[EventCategory "18"]
[SourceTitle "CBM 106"]
[Source "ChessBase"]
[SourceDate "2005.06.06"]
[SourceVersion "1"]
[SourceVersionDate "2005.06.06"]
[SourceQuality "1"]

1. d4 d5 2. c4 c6 3. Nc3 Nf6 4. Nf3 e6 5. Bg5 h6 6. Bh4 dxc4 7. e4 g5 8. Bg3 b5
9. Be2 Bb7 10. h4 g4 11. Ne5 h5 12. f3 (12. O-O {wurde weit häufiger gespielt,
aber auch da ist es fraglich, ob Weiß Vorteil erzielen kann.}) 12... Nbd7 13.
fxg4 hxg4 (13... Nxe5 {0-1 Ivanov,S-Vitiugov,N/St Petersburg 2005/CBM 106_01/
[Lutz] (44) Lutz}) 14. O-O Nxe5 15. Bxe5 Nd7 $1 {Dieses Qualitätsopfer wurde
von Dreev bereits in dessen Partie gegen Kasparov bei der russischen
Meisterschaft 2004 gespielt. Damals hatte Dreev jedoch seine Hausanalyse
vergessen und konnte seine fantastische Idee nicht konsequent zu Ende führen.
Diesmal jedoch kann sich Dreev wieder an seine Analyse erinnern.} 16. Bxh8 Qxh4
{Mit der Drohung ...g3.} 17. Bxg4 Qxh8 18. e5 (18. Bh5 $6 {Stohl} O-O-O {><d4}
19. Bxf7 (19. Rxf7 Ne5 $36) 19... e5 $1 $15) (18. Rf2 {Stohl} Bg7 (18... O-O-O
19. Rxf7 Ne5 20. Bxe6+ Kb8 21. Rxf8 Qxf8 $13) 19. e5 O-O-O $44) 18... O-O-O $1
$146 {Das ist die Verbesserung. Durch die Drohungen ...Nxe5 und ...c6-c5 wird
das weiße Bauernzentrum bald auseinanderbrechen. Wichtig ist, dass der Bf8
immer auf der Diagonalen a7-g1 aufzutauchen droht.} (18... Nxe5 $2 {geschah in
der Stammpartie von 15...Sd7!. Dieser Zug erwies sich jedoch nicht als
ausreichend.} 19. dxe5 Bc5+ 20. Rf2 Qxe5 (20... Bxf2+ {Stohl} 21. Kxf2 Qxe5 22.
Qe2 $16) 21. Qe2 Qxe2 22. Bxe2 Rd8 23. Kf1 Bxf2 24. Kxf2 Ke7 25. Ke3 $16 {
1-0 Kasparov,G-Dreev,A/Moscow 2004/CBM 104/[Stohl] (59)}) 19. Qe2 (19. Rxf7
Nxe5 20. Bxe6+ Kb8 21. Rf5 Nd3 22. Qg4 Bh6 {ist nur für Weiß gefährlich.})
19... c5 $1 20. d5 (20. Nxb5 {Stohl} a6 $1 $44 21. Rxf7 (21. Nd6+ Bxd6 22. exd6
Qxd4+ 23. Rf2 Ne5 24. Bh5 Nd3 25. Bxf7 Rxd6 $17) 21... axb5 22. Bxe6 cxd4 23.
Bxd7+ Rxd7 24. Qg4 Bc6 25. Rxd7 Bxd7 26. e6 d3 $1 27. exd7+ Kd8 28. Qg5+ (28.
Qf5 Qd4+ 29. Kh1 Qh4+ 30. Qh3 $2 Qxh3+ 31. gxh3 Bg7 32. Rb1 Bxb2 $1 $19) 28...
Be7 29. Qxb5 Qd4+ 30. Kh1 $11 (30. Kf1 $2 Bc5 31. Qb8+ Kxd7 $19)) 20... Nxe5
21. dxe6 Nxg4 22. Qxg4 Qd4+ 23. Qxd4 cxd4 24. Nxb5 fxe6 {Schwarz hat für die
Qualität einen Bauern und das Läuferpaar. Bacrot entscheidet sich
sinnvollerweise in den nächsten Zügen dafür, auf das Remis zuzusteuern.} 25.
Rac1 (25. Nxa7+ Kb8 26. Nb5 Bc5 27. Kf2 Rg8 $40) 25... Bh6 26. Rxc4+ Kb8 27.
Re1 (27. Rf6 Be3+ 28. Kf1 d3 {/\ ...Rh8, /\ ...d2} 29. Rxe6 Bd5 $17) 27... Be3+
28. Rxe3 dxe3 29. Rd4 Rf8 (29... Rg8 30. Kf1 a6 31. Nc3 Rxg2 32. Rd6 {fürt zu
ähnlichen Stellungen wie in der Partie.}) 30. Rd1 a6 31. Nc3 Rf2 32. Rd6 {
So kann Weiß knapp das Gleichgewicht halten.} e5 (32... Rxg2+ 33. Kf1 Bd5 34.
Nxd5 Rf2+ 35. Ke1 exd5 36. Rxd5 Rxb2 37. Re5 $11) 33. Re6 Rf5 34. Rg6 Rf2 35.
Rg5 Rxb2 36. Rxe5 Rxg2+ 1/2-1/2

[Event "Moscow Aeroflot op-A"]
[Site "Moscow"]
[Date "2004.02.22"]
[Round "6"]
[White "Van Wely, Loek"]
[Black "Dreev, Alexey"]
[Result "1/2-1/2"]
[WhiteElo "2617"]
[BlackElo "2682"]
[Annotator "Lutz,C"]
[PlyCount "34"]
[EventDate "2004.02.17"]
[EventType "swiss"]
[EventRounds "9"]
[EventCountry "RUS"]
[SourceTitle "CBM 100"]
[Source "ChessBase"]
[SourceDate "2004.06.01"]
[SourceVersion "1"]
[SourceVersionDate "2004.06.01"]
[SourceQuality "1"]

1. d4 d5 2. c4 c6 3. Nc3 Nf6 4. Nf3 e6 5. Bg5 h6 6. Bh4 dxc4 7. e4 g5 8. Bg3 b5
9. Be2 Bb7 10. h4 g4 11. Ne5 Rg8 12. Nxg4 Nbd7 13. Nxf6+ Qxf6 $5 {Dieser
Damenzug wurde bislang nur einmal gespielt, scheint aber besser zu sein als
das häufiger angewandte 13...Nxf6.} (13... Nxf6 14. Bf3 b4 (14... Qb6 15. Qd2
Rd8 (15... h5 16. O-O Rd8 17. Ne2 c5 18. d5 exd5 19. exd5 Bxd5 20. Qf4 Bxf3 21.
Qxf3 Rd3 22. Qf4 Be7 23. Rfe1 Nd5 24. Qe5 Qb7 25. Qxh5 $36 {1-0 Rogozenko,
D-Cosma,I/Sovata 2001/EXT 2003 (41)}) 16. Qf4 Bg7 17. Rd1 $36 c5 $2 (17... Qa5
18. a3) 18. dxc5 $16 {1-0 Shulman,Y-Novikov,I/Buenos Aires 2003/CBM 97/[Lutz] 
(40)}) 15. Ne2 c5 16. d5 $1 Qd7 17. O-O O-O-O 18. Qc1 exd5 19. Qf4 $40 {
0-1 Potkin,V-Grischuk,A/Krasnoyarsk 2003/CBM 98/[Lutz] (35)}) 14. e5 {Weiß
verhindert, dass Schwarz selbst ...e6-e5 spielt.} (14. Bf3 e5 15. d5 Bc5 16. h5
Bd4 17. Bh4 Qd6 18. dxc6 Bxc6 19. O-O a6 20. a4 b4 21. Ne2 a5 22. Qc1 Qe6 23.
Rd1 Bb6 24. Ng3 Rxg3 25. Bxg3 Bd4 26. Rxd4 exd4 27. Qd2 d3 28. b3 Nc5 29. bxc4
Nb3 30. Qxd3 Nxa1 31. Qb1 Qf6 32. e5 Qe6 33. Bxc6+ Qxc6 34. Qxa1 O-O-O {
0-1 Komljenovic,D-Korneev,O/Sevilla 2003/CB07 (46)}) 14... Qf5 15. Bf3 O-O-O
16. Qe2 Nb6 17. a4 bxa4 {Und in dieser spannenden Stellung wurde das
Unentschieden vereinbart.} (17... bxa4 {Mir scheint, dass Schwarz gut steht, z.
B.} 18. Be4 (18. Ne4 Rxd4 19. O-O c5) 18... Qg4 19. Bf3 (19. Qc2 Bb4) 19...
Qxd4 20. Rd1 Qc5) 1/2-1/2